• 首页
  • 本馆介绍
  • 公告通知
  • 最新文献
  • 馆藏检索
  • 电子资源
  • 读者导购
  • 参考咨询
  • 我的图书馆
  • 登录
  • 详细信息显示
  • 放入我的书架
  • 预约/预借图书
  • 作者相关作品
  • 分类相关作品
  • 丛书相关作品
  • 出版社相关作品

书目信息

  • 表格格式
  • 工作单格式
  • 卡片格式
题名:
考试心理学
    
 
作者: 伯恩斯坦 著 ;昝同 译
分册:  
出版信息: 北京   人民邮电出版社  2022
页数: 269页
开本: 21cm
丛书名:
单 册:
中图分类: G424.74
科图分类:
主题词: 考试--学习心理学
电子资源:
ISBN: 978-7-115-57516-6
000 01496nam0 2200301 450
001 012024000256
005 20240924225235.0
010    @a978-7-115-57516-6@dCNY59.80
100    @a20240924d2022 em y0chiy50 ea
101 1  @achi@ceng
102    @aCN@b110000
105    @aa z 000yy
106    @ar
200 1  @a考试心理学@Akao shi xin li xue@e心理素质与考场表现@dCrush your test anxiety@ehow to be calm,confident,and focused on any test@f(美)本·伯恩斯坦著@g昝同译@zeng
210    @a北京@c人民邮电出版社@d2022
215    @a269页@c图@d21cm
300    @a治愈系心理学
305    @a本书中文简体版授权人民邮电出版社在全球独家出版发行
314    @a本·伯恩斯坦著,心理学家和教育学家,曾为奥斯卡奖、托尼奖和普利策奖得主提供表现指导。
330    @a本书中,本基于自己50年的教学经验和30年的临床心理学经历,创造了一套用以提升考试成绩的模型,旨在培养应试者在考试的过程中保持冷静、自信和专注,进而发挥出应有的水平,甚至超常发挥。不管你是学生、家长、老师、学校管理者,还是上班族或心理咨询师,考试既不可避免,其存在又有一定的必然性,并且在短时间内不会退出历史的舞台。
510 1  @aCrush your test anxiety@ehow to be calm, confident, and focused on any test@zeng
517 1  @a心理素质与考场表现@Axin li su zhi yu kao chang biao xian
606 0  @a考试@x学习心理学
690    @aG424.74@v5
701  0 @c(美)@a伯恩斯坦@Abo en si tan@c(Bernstein, Ben)@4著
702  0 @a昝同@Azan tong@4译
801  0 @aCN@bAHXH@c20240924
905    @b214139617@b214139626@b214139635@b214139644@b214139653@dG424.74@e579@f5
    
    考试心理学:心理素质与考场表现=Crush your test anxiety:how to be calm,confident,and focused on any test/(美)本·伯恩斯坦著/昝同译.-北京:人民邮电出版社,2022
    269页:图;21cm
    治愈系心理学
    
    ISBN 978-7-115-57516-6:CNY59.80
    本书中,本基于自己50年的教学经验和30年的临床心理学经历,创造了一套用以提升考试成绩的模型,旨在培养应试者在考试的过程中保持冷静、自信和专注,进而发挥出应有的水平,甚至超常发挥。不管你是学生、家长、老师、学校管理者,还是上班族或心理咨询师,考试既不可避免,其存在又有一定的必然性,并且在短时间内不会退出历史的舞台。
●
相关链接 在E读中查询图书 在五车中查询图书 在当当中查询图书 在豆瓣中查询图书


正题名:考试心理学     索取号:G424.74/579         预约/预借

序号 登录号 条形码 馆藏地/架位号 状态 备注
1 1413961   214139617   第一样本阅览室/ [索取号:G424.74/579] 在馆    
2 1413962   214139626   第四借阅区/ [索取号:G424.74/579] 在馆    
3 1413963   214139635   第四借阅区/ [索取号:G424.74/579] 在馆    
4 1413964   214139644   第四借阅区/ [索取号:G424.74/579] 在馆    
5 1413965   214139653   第四借阅区/ [索取号:G424.74/579] 在馆    
唐山师范学院图书馆 欢迎您!
大连网信软件有限公司© 版权所有